LEADER 00972nam 2200349 450 001 9910137666403321 005 20221022112122.0 010 $a953-51-5851-1 035 $a(CKB)3230000000077054 035 $a(NjHacI)993230000000077054 035 $a(EXLCZ)993230000000077054 100 $a20221022d2009 uy 0 101 0 $aeng 135 $aur||||||||||| 181 $ctxt$2rdacontent 182 $cc$2rdamedia 183 $acr$2rdacarrier 200 00$aSwitched Systems /$fedited by Janusz Kleban 210 1$aCroatia :$cIntech,$d2009. 215 $a1 online resource (176 pages) $cillustrations 311 $a953-307-018-8 320 $aIncludes bibliographical references. 606 $aSwitching circuits 615 0$aSwitching circuits. 676 $a621.381537 702 $aKleban$b Janusz 801 0$bNjHacI 801 1$bNjHacl 906 $aBOOK 912 $a9910137666403321 996 $aSwitched Systems$92010254 997 $aUNINA LEADER 02696nam 2200469 450 001 9910141748303321 005 20240213143822.0 010 $a88-15-31861-5 024 70$a10.978.8815/318619 035 $a(CKB)2560000000283705 035 $a(NjHacI)992560000000283705 035 $a(EXLCZ)992560000000283705 100 $a20240213d2014 uy 0 101 0 $aita 135 $aur||||||||||| 181 $ctxt$2rdacontent 182 $cc$2rdamedia 183 $acr$2rdacarrier 200 10$aAlle radici della cavalleria medievale /$fFranco Cardini 210 1$aBologna :$cSocieta? editrice il Mulino Spa,$d2014. 215 $a1 online resource (672 pages) 225 1 $aCollezione di testi e di studi 320 $aIncludes bibliographical references and index. 327 $aDedica -- Invito alla lettura -- Presentazione -- Prologo Ma che cos'e? la cavalleria? -- PARTE PRIMA. SCIAMANI, GUERRIERI, MISSIONARI -- PARTE SECONDA. CRISTIANITA? E CRISTIANESIMO DINANZI ALLA GUERRA -- PARTE TERZA. IN PRINCIPIO, LA FORZA -- Postfazione -- Sigle e abbreviazioni -- Fonti e bibliografia -- Indice dei nomi di persona, di divinita?, di figura epico-mitica -- Indice dei nomi geografici -- Indice degli autori -- Indice degli argomenti. 330 $aIl guerriero a cavallo, con il suo prestigio anche simbolico, ci perviene dal profondo della preistoria, in termini tanto di valori quanto di pratiche di vita e di combattimento. Dagli sciamani centroasiatici ai guerrieri barbari, dagli de?i nordici ai martiri cristiani, senza dimenticare l'evoluzione dell'allevamento, l'affinarsi delle tecniche metallurgiche, lo sviluppo dell'arte della guerra e le relative "visioni del mondo": se i piu? lontani presupposti del cavaliere medievale sono rintracciabili nella cultura dei nomadi delle steppe che per primi addomesticarono i cavalli, la sacralita? e la superiore aura che lo circondano persistono ancora oggi nell'immaginario occidentale. Tra storia ed epica, il racconto di un mito millenario e dei suoi perduranti riflessi. 410 0$aCollezione di testi e studi.$pStoria. 606 $aCavalry$xHistory 606 $aMilitary history, Medieval 606 $aOrders of knighthood and chivalry 606 $aWar$xReligious aspects$xChristianity 615 0$aCavalry$xHistory. 615 0$aMilitary history, Medieval. 615 0$aOrders of knighthood and chivalry. 615 0$aWar$xReligious aspects$xChristianity. 676 $a357.109 700 $aCardini$b Franco$037956 801 0$bNjHacI 801 1$bNjHacl 906 $aBOOK 912 $a9910141748303321 996 $aAlle radici della cavalleria medievale$9569512 997 $aUNINA